<?xml version="1.0" encoding="UTF-8"?>
<record
    xmlns:xsi="http://www.w3.org/2001/XMLSchema-instance"
    xsi:schemaLocation="http://www.loc.gov/MARC21/slim http://www.loc.gov/standards/marcxml/schema/MARC21slim.xsd"
    xmlns="http://www.loc.gov/MARC21/slim">

  <leader>00745nam a22002294i 4500</leader>
  <datafield tag="999" ind1=" " ind2=" ">
    <subfield code="c">7643</subfield>
    <subfield code="d">7643</subfield>
  </datafield>
  <controlfield tag="001">991060038114206706</controlfield>
  <controlfield tag="003">OSt</controlfield>
  <controlfield tag="005">20220215185226.0</controlfield>
  <controlfield tag="008">220209e202111  spc           001 0aspa c</controlfield>
  <datafield tag="017" ind1=" " ind2=" ">
    <subfield code="a">DL B. 16047-2021</subfield>
    <subfield code="b">Biblioteca de Catalunya</subfield>
  </datafield>
  <datafield tag="020" ind1=" " ind2=" ">
    <subfield code="a">9788408249245</subfield>
  </datafield>
  <datafield tag="040" ind1=" " ind2=" ">
    <subfield code="a">ES-BaBAB</subfield>
    <subfield code="b">cat</subfield>
    <subfield code="e">rda</subfield>
    <subfield code="c">CDMR</subfield>
  </datafield>
  <datafield tag="100" ind1="1" ind2=" ">
    <subfield code="a">Ram&#xED;rez, Pedro Jos&#xE9;</subfield>
    <subfield code="9">2327</subfield>
  </datafield>
  <datafield tag="245" ind1="1" ind2="0">
    <subfield code="a">Palabra de director :</subfield>
    <subfield code="b">las memorias del periodista que nunca ha temido a la verdad /</subfield>
    <subfield code="c">Pedro J. Ram&#xED;rez</subfield>
  </datafield>
  <datafield tag="264" ind1=" " ind2="1">
    <subfield code="a">Barcelona :</subfield>
    <subfield code="b">Planeta,</subfield>
    <subfield code="c">2021</subfield>
  </datafield>
  <datafield tag="300" ind1=" " ind2=" ">
    <subfield code="a">668 p&#xE0;gines ;</subfield>
    <subfield code="c">24 cm</subfield>
  </datafield>
  <datafield tag="500" ind1=" " ind2=" ">
    <subfield code="a">&#xCD;ndex</subfield>
  </datafield>
  <datafield tag="600" ind1="1" ind2="0">
    <subfield code="a">Ram&#xED;rez, Pedro Jos&#xE9;</subfield>
    <subfield code="v">Biografia.</subfield>
    <subfield code="2">lemac</subfield>
    <subfield code="9">2327</subfield>
  </datafield>
  <datafield tag="650" ind1=" " ind2="7">
    <subfield code="a">Periodistes</subfield>
    <subfield code="z">Espanya</subfield>
    <subfield code="v">Biografia.</subfield>
    <subfield code="2">lemac</subfield>
  </datafield>
  <datafield tag="940" ind1=" " ind2=" ">
    <subfield code="a">DIBA</subfield>
  </datafield>
  <datafield tag="942" ind1=" " ind2=" ">
    <subfield code="2">udc</subfield>
    <subfield code="c">MON</subfield>
  </datafield>
  <datafield tag="952" ind1=" " ind2=" ">
    <subfield code="0">0</subfield>
    <subfield code="1">0</subfield>
    <subfield code="4">0</subfield>
    <subfield code="7">0</subfield>
    <subfield code="a">CDMR</subfield>
    <subfield code="b">CDMR</subfield>
    <subfield code="d">2022-02-15</subfield>
    <subfield code="e">Donaci&#xF3;</subfield>
    <subfield code="g">23.90</subfield>
    <subfield code="l">0</subfield>
    <subfield code="o">Bk /109</subfield>
    <subfield code="p">CDMR22020008</subfield>
    <subfield code="r">2022-02-15</subfield>
    <subfield code="w">2022-02-15</subfield>
    <subfield code="y">MON</subfield>
  </datafield>
</record>
